LIBRARY & INFORMATION CENTRE, KCAET, TAVANUR

ONLINE PUBLIC ACCESS CATALOGUE (OPAC)

Testing and evaluation of agricultural machinery (Record no. 15610)

MARC details
000 -LEADER
fixed length control field 00522cam a2200193ua 4500
003 - CONTROL NUMBER IDENTIFIER
control field OSt
008 - FIXED-LENGTH DATA ELEMENTS--GENERAL INFORMATION
fixed length control field 190520b ||||| |||| 00| 0 eng d
082 ## - DEWEY DECIMAL CLASSIFICATION NUMBER
Classification number 631.3
Item number MEH/TE
100 ## - MAIN ENTRY--AUTHOR NAME
Personal name Mehta, M L .
245 00 - TITLE STATEMENT
Title Testing and evaluation of agricultural machinery
250 ## - EDITION STATEMENT
Edition statement 2 re. ed.
260 ## - PUBLICATION, DISTRIBUTION, ETC. (IMPRINT)
Place of publication New Delhi
Name of publisher Daya Publishing House
Year of publication 2019
300 ## - PHYSICAL DESCRIPTION
Number of Pages 384 p.
700 1# - ADDED ENTRY--PERSONAL NAME
Personal name Metha, M L .
700 1# - ADDED ENTRY--PERSONAL NAME
Personal name Verma, S R .
700 1# - ADDED ENTRY--PERSONAL NAME
Personal name Rajan, Pradeep.
700 1# - ADDED ENTRY--PERSONAL NAME
Personal name Singh S K .
942 ## - ADDED ENTRY ELEMENTS (KOHA)
Koha item type Books
Holdings
Withdrawn status Lost status Damaged status Collection code Home library Current library Shelving location Date acquired Cost, normal purchase price Full call number Accession Number Koha item type
      Non-fiction KAUAET KAUAET General Stacks 20/05/2019 1995.00 631.3 MEH/TE 25840 Books
free website counter